| Tag |
First Indicator |
Second Indicator |
Subfields |
| LEADER |
00000cam a22000005a 4500 |
| 001 |
in00000983721 |
| 005 |
20150927112436.0 |
| 008 |
910107s1990 au a b 10000 eng d |
| 020 |
|
|
|a 9201115903
|
| 035 |
|
|
|a (OCoLC)22928053
|
| 035 |
|
|
|9 AEW4149AM
|
| 040 |
|
|
|a GZM
|c GZM
|d PLF
|d TXA
|d UtOrBLW
|
| 049 |
|
|
|a TXAM
|
| 090 |
|
|
|a QP519.9.R3
|b I56 1990
|
| 110 |
2 |
|
|a International Atomic Energy Agency.
|
| 245 |
1 |
0 |
|a Studies on the reproductive efficiency of cattle using radioimmunoassay techniques :
|b proceedings of the Final Research Co- Ordination Meeting on the Application of Radioimmunoassay to Improving the Reproductive Efficiency and Productivity of Large Ruminants /
|c organized by the Joint FAO/IAEA Division of Nuclear Techniques in Food and Agriculture and held in Vienna, 5-9 September 1988.
|
| 264 |
|
1 |
|a Vienna :
|b International Atomic Energy Agency,
|c 1990.
|
| 300 |
|
|
|a 178 pages :
|b illustrations ;
|c 24 cm.
|
| 336 |
|
|
|a text
|b txt
|2 rdacontent
|
| 337 |
|
|
|a unmediated
|b n
|2 rdamedia
|
| 338 |
|
|
|a volume
|b nc
|2 rdacarrier
|
| 490 |
1 |
|
|a Panel proceedings series
|
| 504 |
|
|
|a Includes bibliographical references.
|
| 500 |
|
|
|a "STI/PUB/829"--title page verso.
|
| 650 |
|
0 |
|a Radioimmunoassay.
|
| 650 |
|
0 |
|a Cattle
|x Breeding.
|
| 650 |
|
0 |
|a Cattle
|x Reproduction.
|
| 710 |
2 |
|
|a FAO/IAEA Division of Nuclear Techniques in Food and Agriculture.
|
| 830 |
|
0 |
|a Panel proceedings series.
|
| 999 |
|
|
|a MARS
|
| 999 |
f |
f |
|s 7e718df9-6ec0-345f-b79c-23b419afcdaf
|i 33200e56-fb26-39d4-971e-a76d54088723
|t 0
|
| 952 |
f |
f |
|p ric
|a Texas A&M University
|b Rellis Campus
|c Joint Library Facility
|d Remote Storage
|t 0
|e QP519.9.R3 I56 1990
|h Library of Congress classification
|i unmediated -- volume
|m A14814083520
|
| 998 |
f |
f |
|a QP519.9.R3 I56 1990
|t 0
|l Remote Storage
|